KiiiKiii - Toutes les chansons - Statistiques

Statistiques générales
  • Ce quiz a été pris 18 fois
    4 depuis la dernière actualisation
  • Le résultat moyen est 10 sur 15
Statistiques - réponses
Hint Réponse % Correct
Delulu Pack 2 404 (New Era)
100%
UNCUT GEM 5 BTG
100%
Singles 2025 DANCING ALONE
100%
Delulu Pack 1 Delulu
100%
UNCUT GEM 3 I DO ME
100%
UNCUT GEM 1 DEBUT SONG
67%
UNCUT GEM 2 GROUNDWORK
67%
UNCUT GEM 6 ONE OFF
67%
UNCUT GEM 4 THERE THEY GO
67%
Delulu Pack 3 UNDERDOGS
67%
Delulu Pack 5 Dizzy
33%
Singles 2026 Go On pour Perfect Crown
33%
Delulu Pack 4 MUNGNYANG
33%
Singles 2025 딸기게임 (Strawberry Cheesegame)
33%
Delulu Pack 6 To Me From Me
33%
Aucun quiz correspondant
Distribution des résultats
% des personnes avec chaque résultat
Percentile par nombre de réponses
Votre historique - résultats
Vous n’avez pas pris ce quiz depuis la dernière actualisation